{"text_format":"3","workbook":"xlsx","n_sheets":1,"sheets":["Предмет"],"not_rendered":{"defined_names":8},"read":"whole","date_system":"1900"}

{"sheet":"Предмет","index":0,"n_rows":51,"n_cols":10,"rows_kept":51}
["№","Ф","И","О","Пол","Класс","Класс участия","Балл","Макс. Балл","Статус"]
[1,3,4,5,6,9,10,11,12,13]
[1,"П","М","А","м",5,5,16.8,25,"Участник"]
[2,"Д","И","И","м",5,5,13.8,25,"Участник"]
[3,"С","А","Р","ж",5,5,11.8,25,"Участник"]
[4,"Н","М","И","ж",5,5,10,25,"Участник"]
[5,"С","С","А","м",5,5,9.8,25,"Участник"]
[6,"К","А","У","м",5,5,8.4,25,"Участник"]
[7,"Ш","Р","И","м",6,6,14.4,25,"Участник"]
[8,"В","Е","А","ж",6,6,13.6,25,"Участник"]
[9,"К","А","А","ж",6,6,12.8,25,"Участник"]
[10,"Ф","Э","Х","м",6,6,12.6,25,"Участник"]
[11,"Г","В","Э","ж",6,6,12,25,"Участник"]
[12,"Г","К","П","ж",6,6,11.2,25,"Участник"]
[13,"Ч","А","С","м",6,6,11,25,"Участник"]
[14,"Н","А","А","м",6,6,10.4,25,"Участник"]
[15,"П","И","М","ж",7,7,27,30,"Победитель"]
[16,"А","М","И","м",7,7,24.8,30,"Призер"]
[17,"Х","З","Р","ж",7,7,24.4,30,"Призер"]
[18,"М","Р","А","м",7,7,24,30,"Призер"]
[19,"Ш","Б","А","м",7,7,14.4,30,"Участник"]
[20,"Г","Р","Д","м",7,7,13.7,30,"Участник"]
[21,"И","Д","Д","м",7,7,12.2,30,"Участник"]
[22,"Ф","Р","М","ж",7,7,11.8,30,"Участник"]
[23,"Л","Л","А","ж",7,7,9.8,30,"Участник"]
[24,"К","В","И","ж",7,7,9,30,"Участник"]
[25,"Ю","Р","Р","ж",8,8,30,33,"Победитель"]
[26,"Ш","Р","И","м",8,8,29.8,33,"Призер"]
[27,"К","Е","С","ж",8,8,29.8,33,"Призер"]
[28,"Л","Р","Р","ж",8,8,15.9,33,"Участник"]
[29,"Р","Е","Д","ж",8,8,13.9,33,"Участник"]
[30,"Х","Р","Р","ж",8,8,13.7,33,"Участник"]
[31,"К","С","Д","ж",9,9,50.7,56,"Победитель"]
[32,"Х","О","С","ж",9,9,45,56,"Призер"]
[33,"Ф","И","И","ж",9,9,39,56,"Участник"]
[34,"С","М","М","ж",9,9,34.5,56,"Участник"]
[35,"Ш","З","Р","ж",9,9,33.2,56,"Участник"]
[36,"Н","А","Р","м",9,9,27.6,56,"Участник"]
[37,"Г","Д","А","м",9,9,13.1,56,"Участник"]
[38,"С","И","Т","м",9,9,19.5,56,"Участник"]
[39,"Х","К","А","м",10,10,57,63,"Победитель"]
[40,"Я","Д","Д","ж",10,10,51,63,"Призер"]
[41,"Н","А","А","ж",10,10,50.4,63,"Призер"]
[42,"Б","А","И","ж",11,11,63,70,"Победитель"]
[43,"Н","В","С","ж",11,11,56.7,70,"Победитель"]
[44,"Х","А","И","ж",11,11,56.4,70,"Призер"]
[45,"Б","В","И","ж",11,11,17,70,"Участник"]
[46,"М","Р","И","ж",11,11,24.9,70,"Участник"]
[47,"З","Р","Л","ж",11,11,27.1,70,"Участник"]
[48,"А","Г","А","ж",11,11,17.7,70,"Участник"]
[49,"К","Б","М","м",11,11,21.9,70,"Участник"]